Jak nazywają się ci polscy piłkarze. - Statystyki

Ogólne statystyki
  • Ten quiz został rozwiązany 358 razy
  • Średni wynik to 10 z 12
Statystyki odpowiedzi
Obrazkowy Odpowiedź % Poprawnych
Robert Lewandowski
100%
Wojciech Szczęsny
97%
Michał Pazdan
94%
Kamil Glik
93%
Arkadiusz Milik
91%
Jakub Błaszczykowski
91%
Grzegorz Krychowiak
90%
Kamil Grosicki
89%
Łukasz Fabiański
85%
Łukasz Piszczek
82%
Artur Jędrzejczyk
69%
Maciej Rybus
69%
Nie znaleziono quizów pasujących do podanych kryteriów
Rozkład punktacji
Procent ludzi z każdym wynikiem
Percentyl według liczby udzielonych odpowiedzi
Twoja historia wyników
Nie rozwiązałeś tego quizu